000 01169nam a2200301 a 4500
001 BRCA_6582
005 20190320205519.0
008 011011s1963----u--a######---#000-0#eng-#
041 _aeng
044 _au
050 4 _aN21
_b.S78 1963
245 1 0 _aStudies in Western Art.
260 _aE. U. A.
_bPrinceton University Press
_c1963
300 _a4 v.
_bil.
_c25 cm.
500 _aActs of the Twentieth International Congress of the History of Art
500 _aDonación Dra. Elsa Barberena
504 _aIncluye referencias bibliográficas
505 0 _aContenido: v.1. Romanesque and Gothic Art. -- v.2. The Renaissance and Mannerism. -- v.3. Latin American Art, and the Baroque period in Europe. -- v.4. Problems of the 19th and 20th Centuries
546 _aTexto en: inglés, francés e italiano.
650 1 4 _aArte románico
_xCongresos
_916417
650 1 4 _aArte gótico
_xCongresos
_916418
650 1 4 _aArte renacentista
_xCongresos
_916419
650 1 4 _aArte manierista
_xCongresos
_916420
650 1 4 _aArte latinoamericano barroco
_xCongresos
_zEuropa
_916421
650 1 4 _aArte
_vSiglo XIX-XX
_xCongresos
_916422
902 _aDEB
942 _2lcc
_cB
999 _c6266
_d6266